000 01081nam a22003970a 4500
001 PT46882
003 AR-LpoUNG
005 20210131231146.0
008 191001s2012||||ag |||||||||||||||||spa d
020 _a9789871650323
_c$10
040 _aAR-LpoUNG
_bspa
_cAR-LpoUNG
_eaacr
041 _aspa
044 _aag
082 0 _a382.3 951teo
100 1 _aLugones, Gustavo Eduardo
245 1 0 _aTeorĂ­as del comercio internacional
250 _a1ra. ed.
260 _aBuenos Aires :
_bCCC - UNQui,
_c2012.
300 _a271 p. :
_btbls.
650 4 _aCAMBIO TECNOLOGICO
650 4 _aCOMERCIO EXTERIOR
650 4 _aCOMERCIO INTERNACIONAL
650 4 _aCOMPETITIVIDAD
650 4 _aDESARROLLO DEL COMERCIO
650 4 _aECONOMIA INTERNACIONAL
650 4 _aEMPRESAS TRANSNACIONALES
650 4 _aGLOBALIZACION
650 4 _aINNOVACIONES
650 4 _aMERCADO INTERNACIONAL
650 4 _aPOLITICA COMERCIAL INTERNACIONAL
651 4 _aMundial
700 1 _aBianco, Carlos
_ecol.
700 1 _aPeirano, Fernando
_ecol.
905 _a46882
942 _cLIB
999 _c8355
_d8355